000 00742nam a2200217 i 4500
001 44277
003 ES-MaACL
005 20250910173447.0
007 t|
008 030321s1954 sp ||||1| spa d
100 1 _aCladel, Judith.
_938966
245 1 0 _aRodin
_b: su vida gloriosa : su vida desconocida /
_cJudith Cladel ; traducción del francés por J. B. Xuriguera.
260 _aBarcelona :
_bIberia,
_c[1954] (
_fRafael Salvá)
300 _a520 p., 3 lám. ;
_c19 cm.
490 1 _aLa estrella del mar
600 1 4 _aRodin, Auguste-
_xBiografías.
_998145
700 1 _aXuriguera, Joan Baptista (
_d1908-1987)
_9117525
830 0 _aLa estrella del mar
_9186683
852 _aES-MaACL
_jC-6909
_bR.35951
999 _c44277
_d44277